000 00635nam a22002417a 4500
003 UA-OsUOA
001 78596
007 ta
008 20111017b un ||||| |||| 00| 0 ukr d
100 _aКрашевский Ю.И.
090 _a821.161.1
_bК78
942 _cBK
040 _aUA-OsUOA
_brus
_cUA-OsUOA
_dUA-OsUOA
245 _aГрафиня Козель
_bроман
300 _a344 с.
955 _a3
041 _arus
080 _a821.161.1
020 _a5-7715-0563-3
260 _aК.
_bМистецтво
_c1992
650 7 _a82 Література. Літературознавство
_2UDC
999 _c364861
_d364861